| 000 | 00689nam a22002297a 4500 | ||
|---|---|---|---|
| 005 | 20170124105924.0 | ||
| 010 | _a772578 | ||
| 020 | _c00.00 | ||
| 035 | _a772578 | ||
| 037 | _bCen Lib/Ret | ||
| 040 |
_aDPL _bEN |
||
| 082 |
_a020 _bDUT |
||
| 100 |
_aDutta, D. N. _971967 |
||
| 245 |
_aLibraries and their uses : _cby D. N. Dutta _ba guide for the users / |
||
| 260 |
_aCalcutta _bThe World Press _c1975 |
||
| 270 |
_a37A, College Street _bCalcutta _e700012 |
||
| 300 |
_avii,163p. _c21cm(Hb) |
||
| 500 | _aIncludes bibliographical references and index | ||
| 650 |
_aLibrary science _971968 |
||
| 650 |
_aLibrarie services _971969 |
||
| 942 |
_2ddc _cEN _h020 _mDUT |
||
| 999 |
_c123401 _d123401 |
||